Entreprises de fiction - Statistiques

Statistiques générales
  • Ce quiz a été pris 88 fois
    31 depuis la dernière actualisation
  • Le résultat moyen est 11 sur 38
Statistiques - réponses
Entreprise Univers % Correct
Stark Industries Marvel
81%
SOS Fantômes SOS Fantômes
81%
Bertie Crochue Harry Potter
70%
Lex Corp Superman
63%
Dinoco Toy Story/Cars
63%
Ammu-Nation GTA
59%
Kwik-E-Mart Les Simpson
48%
Abstergo Industries Assassin's Creed
41%
Banque de Bravos Game of Thrones
37%
Cyber Life Detroit Become Human
33%
Capsule Corporation Dragon Ball
33%
Vault-Tec Corporation Fallout
33%
Central Perk Friends
33%
Olympe Paquet Service Percy Jackson
33%
Sylphe SARL Pokémon
33%
Planet Express Futurama
30%
Aperture Science Half Life/Portal
30%
Galley La Company One Piece
30%
Kaiba Corp Yu-Gi-Oh!
30%
Académie des Joyeux Décorateurs (AJD) Animal Crossing
26%
Conglomérat Heartfilia Fairy Tail
22%
ACME Looney Tunes
22%
Cheesy Poofs South Park
22%
Cybot Galactica Star Wars
22%
Grosailleh & Associés TheLegend of Zelda
22%
Buy-N-Large (BnL) WALL-E
19%
RDA (ou "La Compagnie") Avatar
15%
Sinclair Solutions BioShock
15%
Bio Syn Jurassic Park
15%
Technoid Galactik Football
7%
Allsafe Security Mr Robot
7%
Omni Consumer Products (OCP) Robocop
7%
Cyberdyne Terminator
7%
Armurier de l'Ordre The Witcher
7%
Lucky Aide Malcolm
4%
Mondass Tintin
4%
Jabot Cosmétiques Les Feux de l'Amour
0%
Meade Publications Ugly Betty
0%
Aucun quiz correspondant
Distribution des résultats
% des personnes avec chaque résultat
Percentile par nombre de réponses
Votre historique - résultats
Vous n’avez pas pris ce quiz depuis la dernière actualisation